In the wonderland of investment : (Record no. 66331)

MARC details
000 -LEADER
fixed length control field 00600nam a22001697a 4500
005 - DATE AND TIME OF LATEST TRANSACTION
control field 20120508144335.0
020 ## - INTERNATIONAL STANDARD BOOK NUMBER
International Standard Book Number 817154889X
Terms of availability 225.00
035 ## - SYSTEM CONTROL NUMBER
System control number B-60152
037 ## - SOURCE OF ACQUISITION
Stock number DPL
Source of stock number/acquisition ENG
100 ## - MAIN ENTRY--PERSONAL NAME
Personal name Shanbhag, A.N.
245 ## - TITLE STATEMENT
Title In the wonderland of investment :
Remainder of title Assessment year 2002-2003 /
Statement of responsibility, etc by A.N. Shanbhag
250 ## - EDITION STATEMENT
Edition statement 20th ed.
260 ## - PUBLICATION, DISTRIBUTION, ETC. (IMPRINT)
Place of publication, distribution, etc Bombay
Name of publisher, distributor, etc Popular Prakashan
Date of publication, distribution, etc 2001
300 ## - PHYSICAL DESCRIPTION
Extent xxxiii, 340p.
Dimensions 20 cms.
942 ## - ADDED ENTRY ELEMENTS (KOHA)
Source of classification or shelving scheme Dewey Decimal Classification
Item type English Books
Classification part 332.6
Call number suffix SHA
Holdings
Withdrawn status Lost status Not for loan Collection code Home library Current library Date acquired Cost, normal purchase price Full call number Barcode Cost, replacement price Koha item type
      Non-fiction Sarojini Nagar Sarojini Nagar 08/05/2012 225.00 332.6 SHA B-060152 225.00 English Books

© Delhi Public Library
Hit Counter
free hit counter